Name all the Bug Type Pokemon - Statistics

General Stats
  • This quiz has been taken 61 times
  • The average score is 57 of 77
Answer Stats
Type Answer % Correct
Bug/Poison Beedrill
98%
Bug/Flying Butterfree
96%
Bug Caterpie
96%
Bug/Poison Kakuna
96%
Bug Metapod
96%
Bug/Poison Weedle
96%
Bug/Grass Paras
90%
Bug/Grass Parasect
90%
Bug/Poison Venomoth
90%
Bug/Poison Venonat
90%
Bug/Flying Scyther
88%
Bug/Poison Ariados
85%
Bug/Fighting Heracross
85%
Bug/Steel Scizor
85%
Bug/Poison Spinarak
85%
Bug Cascoon
83%
Bug/Poison Dustox
83%
Bug/Flying Ninjask
83%
Bug Pinsir
83%
Bug Silcoon
83%
Bug/Flying Beautifly
81%
Bug/Flying Ledyba
81%
Bug/Flying Mothim
81%
Bug/Ground Nincada
81%
Bug/Grass,Ground,Steel Wormadam
81%
Bug Wurmple
81%
Bug Burmy
79%
Bug/Flying Ledian
79%
Bug/Ghost Shedinja
79%
Bug/Steel Forretress
77%
Bug Pineco
77%
Bug/Electric Galvantula
75%
Bug/Electric Joltik
75%
Bug Surskit
75%
Bug/Flying Combee
73%
Bug/Grass Leavanny
73%
Bug/Flying Masquerain
73%
Bug/Rock Shuckle
73%
Bug/Electric Charjabug
71%
Bug/Fairy Ribombee
71%
Bug/Grass Swadloon
71%
Bug/Poison Venipede
71%
Bug/Flying Vespiquen
71%
Bug/Electric Vikavolt
71%
Bug/Rock Crustle
69%
Bug/Fairy Cutiefly
69%
Bug/Steel Durant
69%
Bug/Steel Genesect
69%
Bug/Grass Sewaddle
69%
Bug/Fire Volcarona
69%
Bug/Flying Yanma
69%
Water/Bug Araquanid
67%
Rock/Bug Armaldo
67%
Bug/Rock Dwebble
67%
Bug Grubbin
67%
Bug/Fire larvesta
67%
Bug/Flying Vivillon
67%
Bug/Flying Yanmega
67%
Rock/Bug Anorith
65%
Water/Bug Dewpider
65%
Bug Scatterbug
65%
Bug/Poison Scolipede
65%
Bug Accelgor
63%
Bug/Flying Escavalier
63%
Bug/Water Golisopod
63%
Bug Illumise
63%
Bug Karrablast
63%
Bug Shelmet
63%
Bug Volbeat
63%
Bug/Water Wimpod
63%
Bug Kricketot
60%
Bug Kricketune
60%
Bug/Poison Skorupi
60%
Bug Spewpa
60%
Bug/Poison Whirlipede
60%
Bug/Fighting Buzzwole
52%
Bug/Fighting Pheromosa
50%
No matching quizzes found
Score Distribution
Percent of People with Each Score
Percentile by Number Answered
Your Score History
You have not taken this quiz